Tales of my Landlord. Fourth and last series. Count Robert of Paris. From the last revised edition, containing the author's final corrections, notes, &c. Parker's edition

Uloženo v:
Podrobná bibliografie
Hlavní autor: Scott, Walter (Autor)
Médium: Kniha
Jazyk:angličtina
Vydáno: Boston Sanborn, Carter and Bazin 1855
Vydání:2a. ed
Edice:Waverley Novels: Library Edition, XXIII
Témata:
Tagy: Přidat tag
Žádné tagy, Buďte první, kdo vytvoří štítek k tomuto záznamu!

MARC

LEADER 00000nam a2200000 a 4500
001 UCJ7997
003 CL-VaPUC
008 070124e18550000US |||||||||||||||||eng|d
082 0 4 |a 823  |b SCO  |2 21 
100 0 |a Scott, Walter  |e author  |9 354318 
245 1 0 |a Tales of my Landlord. Fourth and last series. Count Robert of Paris. From the last revised edition, containing the author's final corrections, notes, &c. Parker's edition 
250 |a 2a. ed 
300 |a 238 p 
942 |c BK 
945 |d 20070124 00:00:00  |a rinostro 
260 |a Boston  |b Sanborn, Carter and Bazin  |c 1855 
500 |a Dos grabados al inicio 
650 7 |a NOVELA ESCOCESA  |2 CL-VaPUC  |9 330483 
650 0 |a Ilustraciones  |9 369481 
651 7 |a ESCOCIA - HISTORIA  |2 CL-VaPUC  |9 516570 
583 |a last modification  |c 20070124 00:00:00  |k Rodrigo Vera 
490 0 |a Waverley Novels: Library Edition, XXIII 
999 |c 323857  |d 323855 
952 |0 0  |1 0  |4 0  |6 823_000000000000000_SCO_1855  |7 0  |8 X  |9 403678  |a FDOBUD  |b FDOBUD  |d 2019-11-22  |i 1071246  |o 823 SCO 1855  |p 1071246  |r 2019-11-22  |w 2019-11-22  |y BK_X  |k BUD